| 000 | 00909nac a22002051u 4500 | ||
|---|---|---|---|
| 020 | _a0419208208 (pbk. : acid free paper) | ||
| 082 | 0 | 0 |
_a690 _bHOL |
| 090 |
_c8512 _d8512 |
||
| 100 | _aHoles, Leslie. | ||
| 245 | 1 | 0 |
_aCreating the built environment : an introduction to the practicalities of designing, constructing, and owning buildings / _ban introduction to the practicalities of designing, constructing, and owning buildings / _cLeslie Holes. |
| 260 |
_aLondon ; _aNew York : _bE & FN Spon,1997. _cc1997. |
||
| 300 |
_axviii, 411 p. : _bill. ; _c24 cm. |
||
| 500 | _aDistributer: Al-Ahram | ||
| 504 | _aIncludes bibliographical references and index. | ||
| 511 | _aCatalogued by: Sara | ||
| 650 | 0 | _aBuilding. | |
| 650 | 0 | _aBuildings. | |
| 856 | 4 | 2 |
_3Publisher description _uhttp://www.loc.gov/catdir/enhancements/fy0651/96070573-d.html |
| 942 |
_cBB _k690HOL |
||
| 999 |
_c8512 _d8512 |
||